[Event "XXVIII Torneo San Viator - Memorial Pep"]
[Site "Colegio San Viator. Plaza Fer"]
[Date "2017.05.07"]
[Round "5.26"]
[White "Jimenez Perez, Federico"]
[Black "Mateos Cordero, Francisco"]
[Result "1-0"]
[WhiteElo "1375"]
[BlackElo "1643"]
[PlyCount "81"]
[EventDate "2017.03.26"]
[EventRounds "9"]
[EventCountry "ESP"]

1. e4 c5 2. Nf3 e6 3. c3 a6 4. Bd3 Nc6 5. O-O Qc7 6. Re1 d6 7. Bc2 Bd7 8. d4
cxd4 9. cxd4 Rc8 10. Nc3 b5 11. d5 Ne5 12. dxe6 Nxf3+ 13. Qxf3 Bxe6 14. Bb3 Nf6
15. Bxe6 fxe6 16. Bf4 b4 17. e5 bxc3 18. exf6 e5 19. bxc3 gxf6 20. c4 Rg8 21.
Bg3 Qxc4 22. Qxf6 Be7 23. Qh6 Qf7 24. Rac1 Rd8 25. Rc7 Rd7 26. Rc8+ Bd8 27. Qc1
Rc7 28. Rxc7 Qxc7 29. Qh6 Bg5 30. Qe6+ Kf8 31. Qf5+ Qf7 32. Qc8+ Ke7 33. Qxa6
Qd5 34. Qf1 h5 35. h4 Bf6 36. Kh2 Qxa2 37. Ra1 Qd5 38. f3 Qd4 39. Bf2 Qf4+ 40.
g3 Bxh4 41. gxf4 1-0

[Event "XXVIII Torneo San Viator - Memorial Pep"]
[Site "Colegio San Viator. Plaza Fer"]
[Date "2017.05.07"]
[Round "5.27"]
[White "Caravantes Camacho, Fernando"]
[Black "Cerioni Serret, Luca"]
[Result "1-0"]
[WhiteElo "1626"]
[BlackElo "1369"]
[PlyCount "53"]
[EventDate "2017.03.26"]
[EventRounds "9"]
[EventCountry "ESP"]

1. e4 e5 2. Nf3 Nc6 3. Bc4 Nf6 4. d4 exd4 5. O-O Nxe4 6. Re1 d5 7. Bxd5 Qxd5 8.
Nc3 Qh5 9. Nxe4 Be6 10. Bf4 O-O-O 11. a3 Bg4 12. Ng3 Qd5 13. b4 Bd6 14. c4 Qxc4
15. Bxd6 Rxd6 16. Rc1 Qd5 17. Rc5 Bxf3 18. gxf3 Qa2 19. Qd3 f6 20. Nf5 Rd7 21.
f4 Qf7 22. Rxc6 Qg6+ 23. Kh1 bxc6 24. Qa6+ Kb8 25. Ne7 Qf7 26. Nxc6+ Ka8 27.
Qxa7# 1-0

[Event "XXVIII Torneo San Viator - Memorial Pep"]
[Site "Colegio San Viator. Plaza Fer"]
[Date "2017.05.07"]
[Round "5.28"]
[White "Soria Martinez, Daniel"]
[Black "Alberti Jimenez, Bernardo"]
[Result "0-1"]
[WhiteElo "1375"]
[BlackElo "1489"]
[PlyCount "104"]
[EventDate "2017.03.26"]
[EventRounds "9"]
[EventCountry "ESP"]

1. e4 d5 2. exd5 Nf6 3. d4 Nxd5 4. Nf3 Bg4 5. Be2 e6 6. O-O Be7 7. h3 Bh5 8. c4
Nf6 9. Nc3 c6 10. Bf4 O-O 11. Qc2 Bxf3 12. Bxf3 Qxd4 13. Ne2 Qd8 14. Rad1 Qc8
15. Ng3 Nbd7 16. Rfe1 Rd8 17. Bg5 h6 18. Be3 Ne5 19. Be2 Ng6 20. Nh5 Rxd1 21.
Rxd1 Qc7 22. Qc1 Qe5 23. Nxf6+ Bxf6 24. b4 Bg5 25. Bf3 Bxe3 26. Qxe3 Qxe3 27.
fxe3 Ne5 28. Be2 Kf8 29. Kf2 Ke7 30. c5 b6 31. Kg3 bxc5 32. bxc5 Rb8 33. Rd2
Rb1 34. a4 Rc1 35. Rb2 a5 36. Rb7+ Kf6 37. Kf4 Rxc5 38. g4 g5+ 39. Kg3 Rc2 40.
Bd1 Rc1 41. Bb3 Rb1 42. h4 c5 43. Rb5 gxh4+ 44. Kxh4 Rc1 45. Rxa5 c4 46. Rc5
Rh1+ 47. Kg3 cxb3 48. Rb5 Rb1 49. a5 Nd3 50. a6 b2 51. a7 Ra1 52. Rb3 Rxa7 0-1

[Event "XXVIII Torneo San Viator - Memorial Pep"]
[Site "Colegio San Viator. Plaza Fer"]
[Date "2017.05.07"]
[Round "5.29"]
[White "Murillo Paz, Pedro"]
[Black "Gonzalez Morente, Jose A"]
[Result "1-0"]
[WhiteElo "1358"]
[BlackElo "1481"]
[PlyCount "89"]
[EventDate "2017.03.26"]
[EventRounds "9"]
[EventCountry "ESP"]

1. e4 e5 2. Nc3 Nf6 3. Nf3 Nc6 4. d4 exd4 5. Nxd4 Nxd4 6. Qxd4 d6 7. Bf4 Be7 8.
O-O-O O-O 9. Be2 Bg4 10. f3 Be6 11. g4 Nd7 12. Bg3 Bf6 13. Qe3 Ne5 14. h4 Nc4
15. Bxc4 Bxc4 16. e5 Qe8 17. Qd4 Bxa2 18. exf6 gxf6 19. Nxa2 Qe6 20. Kb1 f5 21.
gxf5 Qxf5 22. Bf4 f6 23. Qd5+ Qxd5 24. Rxd5 Rfe8 25. Nc3 Re6 26. Rf5 a5 27. Nd5
Rc8 28. Nxf6+ Kh8 29. Bh6 b5 30. Rg1 Re7 31. Rg8+ Rxg8 32. Nxg8 Re6 33. Rf8
Rxh6 34. Nxh6+ Kg7 35. Rf7+ Kxh6 36. Rxc7 Kg6 37. Rc6 Kh5 38. Rxd6 Kxh4 39. Rd5
Kg3 40. Rxb5 Kxf3 41. Rxa5 Kg4 42. Ra7 h5 43. b4 h4 44. c4 h3 45. Rh7 1-0

[Event "XXVIII Torneo San Viator - Memorial Pep"]
[Site "Colegio San Viator. Plaza Fer"]
[Date "2017.05.07"]
[Round "5.35"]
[White "San Felipe Gonzalez, Tomas"]
[Black "Mora Gonzalez-Rojas, Francisco"]
[Result "1-0"]
[WhiteElo "1691"]
[BlackElo "1294"]
[PlyCount "61"]
[EventDate "2017.03.26"]
[EventRounds "9"]
[EventCountry "ESP"]

1. d4 d5 2. c4 e6 3. Nc3 Bb4 4. a3 Bxc3+ 5. bxc3 Nf6 6. Bg5 h6 7. Bh4 O-O 8.
cxd5 exd5 9. Nf3 Nc6 10. e3 Qd6 11. Bg3 Qe7 12. Bd3 Ne4 13. Qc2 Nxg3 14. hxg3
Qf6 15. Rh4 g5 16. Rh2 Kg7 17. Ke2 Bg4 18. Rah1 h5 19. Ke1 Rh8 20. Be2 Bf5 21.
Qb3 g4 22. Nd2 Be4 23. Nxe4 dxe4 24. Rxh5 Rxh5 25. Rxh5 Qg6 26. Rh4 f5 27. Qxb7
Rb8 28. Qxc7+ Kg8 29. Bc4+ Kf8 30. Rh8+ Qg8 31. Rxg8# 1-0

[Event "XXVIII Torneo San Viator - Memorial Pep"]
[Site "Colegio San Viator. Plaza Fer"]
[Date "2017.05.07"]
[Round "5.42"]
[White "Alvarez Garcia, Jose Javier"]
[Black "Di Pietro Moreno, Fatima"]
[Result "0-1"]
[WhiteElo "1300"]
[BlackElo "1394"]
[PlyCount "70"]
[EventDate "2017.03.26"]
[EventRounds "9"]
[EventCountry "ESP"]

1. e4 e6 2. d4 d5 3. e5 c5 4. c4 cxd4 5. Nf3 Nc6 6. Bf4 Qa5+ 7. Bd2 Bb4 8. Be2
dxc4 9. O-O d3 10. Bc3 dxe2 11. Qxe2 Bxc3 12. Nxc3 Nge7 13. Rfe1 Ng6 14. Rad1
O-O 15. a3 b5 16. Rd6 Nce7 17. Nd4 a6 18. Rd1 Bb7 19. Rd7 Bxg2 20. Kxg2 Nf4+
21. Kf1 Nxe2 22. Kxe2 Nd5 23. Nc6 Nxc3+ 24. bxc3 Qxc3 25. f4 Qb2+ 26. R1d2 Qxa3
27. f5 exf5 28. Ne7+ Kh8 29. Nxf5 Rae8 30. Ne7 Rxe7 31. Rd8 Rxe5+ 32. Kd1 Qb3+
33. Kc1 Re1+ 34. Rd1 Rxd8 35. Rxe1 Qc3+ 0-1

[Event "XXVIII Torneo San Viator - Memorial Pep"]
[Site "Colegio San Viator. Plaza Fer"]
[Date "2017.05.07"]
[Round "5.51"]
[White "Gonzalez Garcia, Francisco Javie"]
[Black "Lantero Machieraldo, Hugo"]
[Result "1-0"]
[WhiteElo "1449"]
[BlackElo "1110"]
[PlyCount "51"]
[EventDate "2017.03.26"]
[EventRounds "9"]
[EventCountry "ESP"]

1. e4 d5 2. e5 Bf5 3. d4 e6 4. Bd3 c5 5. Bxf5 exf5 6. Nf3 Nc6 7. O-O h6 8. c3
cxd4 9. Qa4 Bc5 10. cxd4 Bb6 11. b4 Qd7 12. Bb2 Nxd4 13. Qxd7+ Kxd7 14. Nxd4
Bxd4 15. Bxd4 f6 16. f4 g5 17. exf6 Rh7 18. fxg5 hxg5 19. Rxf5 Rh4 20. Rxd5+
Ke6 21. Nc3 Nh6 22. Re1+ Kf7 23. Ne4 Rg8 24. Nd6+ Kg6 25. Re6 Rf4 26. f7+ 1-0

[Event "28. Torneo San Viator 2017 - Torneo B"]
[Site "Madrid ESP"]
[Date "2017.05.14"]
[Round "6.1"]
[White "Moreno Sanchez, Guillermo"]
[Black "Martinez Martinez, Javier II"]
[Result "0-1"]
[WhiteElo "1605"]
[BlackElo "1635"]
[PlyCount "96"]
[EventDate "2017.03.26"]
[EventType "swiss"]
[EventRounds "9"]
[EventCountry "ESP"]
[SourceTitle "Ajedrez en Madrid"]
[Source "lmi"]
[SourceDate "2017.03.26"]

1. d4 Nf6 2. c4 g6 3. Nc3 Bg7 4. e4 d6 5. Nf3 O-O 6. Be2 e5 7. O-O c6 8. d5
cxd5 9. cxd5 a6 10. Nd2 Nbd7 11. f4 exf4 12. Rxf4 Bh6 13. Rf1 Nc5 14. Nc4 Bxc1
15. Rxc1 Nfxe4 16. Nxe4 Nxe4 17. Qd4 Re8 18. Bf3 Ng5 19. h4 Nxf3+ 20. Rxf3 b5
21. Nd2 Qe7 22. Qf6 Bf5 23. Qxe7 Rxe7 24. Rf4 Rae8 25. g4 Bd7 26. Rcf1 f5 27.
gxf5 Bxf5 28. Nf3 Re4 29. Ng5 Rxf4 30. Rxf4 Re5 31. Rd4 h6 32. Nf3 Re4 33. Rd2
Bg4 34. Rf2 Rf4 35. Kg2 Rxf3 36. Rxf3 Bxf3+ 37. Kxf3 Kf7 38. Kf4 Kf6 39. a3 g5+
40. hxg5+ hxg5+ 41. Ke4 g4 42. Kf4 g3 43. Kxg3 Ke5 44. Kf3 Kxd5 45. Ke3 Kc4 46.
Kd2 Kb3 47. Kc1 a5 48. Kb1 d5 0-1

[Event "28. Torneo San Viator 2017 - Torneo B"]
[Site "Madrid ESP"]
[Date "2017.05.14"]
[Round "6.2"]
[White "Arce Escobedo, Julio"]
[Black "Laray Fernandez, Juan"]
[Result "1-0"]
[WhiteElo "1642"]
[BlackElo "1490"]
[PlyCount "41"]
[EventDate "2017.03.26"]
[EventType "swiss"]
[EventRounds "9"]
[EventCountry "ESP"]
[SourceTitle "Ajedrez en Madrid"]
[Source "lmi"]
[SourceDate "2017.03.26"]

1. e4 e5 2. Nf3 Nc6 3. Bc4 h6 4. d4 exd4 5. Nxd4 Nxd4 6. Qxd4 Nf6 7. e5 Qe7 8.
O-O Nh7 9. Nc3 c6 10. Ne4 d5 11. exd6 Qd7 12. Re1 Kd8 13. Be3 f5 14. Nc5 Qxd6
15. Qc3 Nf6 16. Rad1 Nd5 17. Qb3 Kc7 18. Bxd5 cxd5 19. Rxd5 Qb6 20. Qc3 Bd6 21.
Ne6+ 1-0

[Event "28. Torneo San Viator 2017 - Torneo B"]
[Site "Madrid ESP"]
[Date "2017.05.14"]
[Round "6.3"]
[White "Marcelo De La Mata, Daniel"]
[Black "Algaba Traspuesto, Jose Antoni"]
[Result "1/2-1/2"]
[WhiteElo "1630"]
[BlackElo "1568"]
[PlyCount "165"]
[EventDate "2017.03.26"]
[EventType "swiss"]
[EventRounds "9"]
[EventCountry "ESP"]
[SourceTitle "Ajedrez en Madrid"]
[Source "lmi"]
[SourceDate "2017.03.26"]

1. e4 e6 2. d4 d5 3. Nd2 c5 4. Ngf3 Nc6 5. exd5 Qxd5 6. Bc4 Qd8 7. Nb3 cxd4 8.
Nfxd4 Nxd4 9. Qxd4 Qxd4 10. Nxd4 Bd7 11. Bf4 a6 12. a4 Rc8 13. Bd3 Nf6 14. O-O
Be7 15. Bd2 O-O 16. b4 e5 17. Nf5 Bd8 18. Nd6 Rc7 19. c4 Be7 20. c5 Bxd6 21.
cxd6 Rc6 22. Be3 Rxd6 23. Be2 Rc8 24. f3 Rdc6 25. Rfd1 Rc2 26. Kf1 Be6 27. b5
axb5 28. axb5 Nd5 29. Bd2 g6 30. Bd3 R2c5 31. Ra7 b6 32. Ke1 Kg7 33. g3 h5 34.
Rb7 Bf5 35. Be2 e4 36. fxe4 Bxe4 37. Kf2 Nc3 38. Bxc3+ Rxc3 39. Rxb6 Rc2 40.
Rbd6 Rb2 41. Rd8 Rcc2 42. Re1 Rxb5 43. Ke3 Rb4 44. h4 Bf5 45. Bd3 Rc3 46. Kd2
Rxd3+ 47. Rxd3 Bxd3 48. Kxd3 Rb3+ 49. Ke4 Rxg3 50. Ke5 Rg4 51. Rh1 f6+ 52. Kd5
Kf7 53. Rh3 f5 54. Rh1 Kf6 55. Rh3 Re4 56. Rh1 Re5+ 57. Kd4 Ra5 58. Ke3 Ra4 59.
Kf3 Ke5 60. Rg1 Ra3+ 61. Kf2 Kf6 62. Re1 Ra4 63. Kg3 f4+ 64. Kf3 Kf5 65. Kf2
Ra3 66. Re8 Kg4 67. Re6 Kf5 68. Rc6 Rh3 69. Rc5+ Kg4 70. Rg5+ Kxh4 71. Rxg6 Rg3
72. Rf6 Kg5 73. Rf8 h4 74. Rg8+ Kf5 75. Rf8+ Ke4 76. Re8+ Kf5 77. Rf8+ Kg5 78.
Rg8+ Kf5 79. Rf8+ Ke5 80. Re8+ Kd4 81. Rf8 Ke4 82. Re8+ Kd3 83. Rf8 1/2-1/2

[Event "28. Torneo San Viator 2017 - Torneo B"]
[Site "Madrid ESP"]
[Date "2017.05.14"]
[Round "6.4"]
[White "Arias Cusio, Oscar"]
[Black "Garcia Chica, Eva Maria"]
[Result "1-0"]
[WhiteElo "1606"]
[BlackElo "1411"]
[PlyCount "61"]
[EventDate "2017.03.26"]
[EventType "swiss"]
[EventRounds "9"]
[EventCountry "ESP"]
[SourceTitle "Ajedrez en Madrid"]
[Source "lmi"]
[SourceDate "2017.03.26"]

1. e4 c6 2. Nf3 d5 3. e5 c5 4. c3 Nc6 5. Bb5 Qb6 6. Bxc6+ Qxc6 7. O-O e6 8. d4
cxd4 9. cxd4 Ne7 10. Bg5 Nf5 11. Nc3 Be7 12. Bxe7 Nxe7 13. Rc1 Qd7 14. Ng5 h6
15. Nh3 O-O 16. Nf4 Nf5 17. Nh5 Qd8 18. Ne2 Qg5 19. Nef4 Kh8 20. Nh3 Qh4 21.
N5f4 b6 22. Rc7 Ba6 23. Re1 Qd8 24. Rc3 Qd7 25. Nh5 Rg8 26. Qd2 Qd8 27. Kh1 Rc8
28. Ra3 Bb5 29. g4 Qh4 30. Qd1 Qxh3 31. Rxh3 1-0

[Event "28. Torneo San Viator 2017 - Torneo B"]
[Site "Madrid ESP"]
[Date "2017.05.14"]
[Round "6.5"]
[White "Carrasco Coquillat, Alvaro"]
[Black "Fernandez Lopez, Jaime"]
[Result "1/2-1/2"]
[WhiteElo "1505"]
[BlackElo "1601"]
[PlyCount "47"]
[EventDate "2017.03.26"]
[EventType "swiss"]
[EventRounds "9"]
[EventCountry "ESP"]
[SourceTitle "Ajedrez en Madrid"]
[Source "lmi"]
[SourceDate "2017.03.26"]

1. d4 g6 2. c4 Bg7 3. Nf3 Nf6 4. Nc3 d6 5. e4 O-O 6. Be2 Na6 7. h3 c5 8. d5 Nc7
9. Be3 e6 10. dxe6 Nxe6 11. Qc2 Qe7 12. Rd1 b6 13. O-O Bb7 14. Nd2 Nd4 15. Bxd4
cxd4 16. Nb5 Nxe4 17. Rfe1 Ng5 18. Bf3 Ne6 19. Bxb7 Qxb7 20. Nf3 d5 21. Nfxd4
Nxd4 22. Nxd4 dxc4 23. Qxc4 Rac8 24. Qb3 1/2-1/2

[Event "28. Torneo San Viator 2017 - Torneo B"]
[Site "Madrid ESP"]
[Date "2017.05.14"]
[Round "6.6"]
[White "Rodriguez Nieto, Miguel Angel"]
[Black "Baranco Gonzalez, Nicolas"]
[Result "1-0"]
[WhiteElo "1738"]
[BlackElo "1303"]
[PlyCount "81"]
[EventDate "2017.03.26"]
[EventType "swiss"]
[EventRounds "9"]
[EventCountry "ESP"]
[SourceTitle "Ajedrez en Madrid"]
[Source "lmi"]
[SourceDate "2017.03.26"]

1. c4 Nf6 2. Nf3 Nc6 3. Nc3 d5 4. cxd5 Nxd5 5. a3 Nxc3 6. bxc3 e5 7. e3 Bg4 8.
Be2 e4 9. Nd4 Bxe2 10. Qxe2 Ne5 11. Qb5+ Nc6 12. Nxc6 bxc6 13. Qxc6+ Ke7 14.
Qxe4+ Kd7 15. Qd5+ Ke8 16. Qc6+ Ke7 17. a4 f6 18. O-O Rb8 19. d4 Qd7 20. Qc5+
Kf7 21. Qc4+ Ke8 22. Ba3 Bxa3 23. Rxa3 g5 24. Rb3 Rxb3 25. Qxb3 Ke7 26. Rb1 h5
27. Qc4 Qd6 28. Rb7 Kd7 29. Qb5+ Qc6 30. Qb3 Re8 31. Rxa7 f5 32. Qb5 Kd6 33.
Ra6 Qxa6 34. Qxa6+ Kd7 35. Qb5+ c6 36. Qxf5+ Kd6 37. Qxg5 Ra8 38. a5 Kc7 39.
Qxh5 Rb8 40. g4 Rb1+ 41. Kg2 1-0

[Event "28. Torneo San Viator 2017 - Torneo B"]
[Site "Madrid ESP"]
[Date "2017.05.14"]
[Round "6.7"]
[White "Martinez Pintor, Juan"]
[Black "Lopez Martin, Israel"]
[Result "1-0"]
[WhiteElo "1657"]
[BlackElo "1431"]
[PlyCount "65"]
[EventDate "2017.03.26"]
[EventType "swiss"]
[EventRounds "9"]
[EventCountry "ESP"]
[SourceTitle "Ajedrez en Madrid"]
[Source "lmi"]
[SourceDate "2017.03.26"]

1. d4 d5 2. c4 c6 3. Nc3 Nf6 4. e3 e6 5. b3 Bb4 6. Bb2 Nbd7 7. Bd3 c5 8. Nge2
cxd4 9. exd4 b6 10. O-O Bd6 11. cxd5 Bxh2+ 12. Kxh2 Ng4+ 13. Kg3 Qg5 14. Ne4
Qxd5 15. N2c3 Qxd4 16. Na4 Qd5 17. Bc2 Qxd1 18. Raxd1 h5 19. Nd6+ Ke7 20. Ba3
Ba6 21. Rfe1 Ngf6 22. Nc3 Nc5 23. Nce4 Nfxe4+ 24. Nxe4 h4+ 25. Kh3 Rac8 26.
Nxc5 bxc5 27. Be4 f5 28. Bxf5 Kf6 29. Bxe6 Rce8 30. Bb2+ Kg6 31. Rd7 Rh7 32.
Bf7+ Kg5 33. Rd5+ 1-0

[Event "28. Torneo San Viator 2017 - Torneo B"]
[Site "Madrid ESP"]
[Date "2017.05.14"]
[Round "6.8"]
[White "Sanchez Rivero, Miguel"]
[Black "Sanchez Ortega, Ivan"]
[Result "1-0"]
[WhiteElo "1475"]
[BlackElo "1657"]
[PlyCount "97"]
[EventDate "2017.03.26"]
[EventType "swiss"]
[EventRounds "9"]
[EventCountry "ESP"]
[SourceTitle "Ajedrez en Madrid"]
[Source "lmi"]
[SourceDate "2017.03.26"]

1. e4 e5 2. Nf3 Nc6 3. d4 exd4 4. Nxd4 Bc5 5. Be3 Qf6 6. c3 Nge7 7. g3 d5 8.
Bg2 dxe4 9. Nd2 Bxd4 10. cxd4 O-O 11. Nxe4 Qg6 12. O-O Nd5 13. Qb3 Nce7 14. Nc5
c6 15. Rac1 Re8 16. Rfe1 Nb6 17. Bf4 Nbd5 18. Bxd5 cxd5 19. Qxd5 Bg4 20. Qxb7
Qf6 21. Nb3 Be6 22. Be5 Qf5 23. Qe4 Qh3 24. Qg2 Qh5 25. Qe4 Bd5 26. g4 Qh3 27.
Re3 Qh6 28. Qf4 Qxf4 29. Bxf4 Ng6 30. Bg3 Rxe3 31. fxe3 Kf8 32. Rc3 Ke8 33. a3
Nf8 34. Nd2 Rd8 35. b4 Nd7 36. e4 Ba8 37. Kf2 Nf6 38. Kf3 Rxd4 39. Rc8+ Rd8 40.
Rxd8+ Kxd8 41. Bh4 Kd7 42. Bxf6 gxf6 43. Kf4 Ke6 44. Nb3 Bc6 45. Nd4+ Kd6 46.
Nxc6 Kxc6 47. a4 Kd6 48. Kf5 Ke7 49. b5 1-0

[Event "28. Torneo San Viator 2017 - Torneo B"]
[Site "Madrid ESP"]
[Date "2017.05.14"]
[Round "6.9"]
[White "Carrasco Coquillat, Jorge"]
[Black "Garcia Castineira, Ivan"]
[Result "1/2-1/2"]
[WhiteElo "1468"]
[BlackElo "1656"]
[PlyCount "90"]
[EventDate "2017.03.26"]
[EventType "swiss"]
[EventRounds "9"]
[EventCountry "ESP"]
[SourceTitle "Ajedrez en Madrid"]
[Source "lmi"]
[SourceDate "2017.03.26"]

1. c4 c5 2. Nf3 g6 3. g3 Bg7 4. Nc3 Nc6 5. Bg2 Nf6 6. d4 cxd4 7. Nxd4 O-O 8.
O-O d6 9. Nxc6 bxc6 10. Bxc6 Rb8 11. Qa4 Qb6 12. Be3 Qxb2 13. Rab1 Qxc3 14.
Rxb8 Ng4 15. Rc1 Qe5 16. Rb5 Qe6 17. Qxa7 Ne5 18. Bg2 Bd7 19. Rb4 Nc6 20. Bxc6
Bxc6 21. Rb3 Be5 22. f3 h5 23. Bf2 Qh3 24. Qxe7 Re8 25. Qh4 Qf5 26. g4 hxg4 27.
Qxg4 Qf6 28. Rb6 Ba8 29. Rcb1 Qh8 30. Bg3 Bd4+ 31. Kf1 Bxb6 32. Rxb6 Qa1+ 33.
Kf2 Qxa2 34. Kg2 Qxe2+ 35. Bf2 Qe7 36. Bh4 Qc7 37. Rb2 Re3 38. Rf2 Rc3 39. Bf6
Qxc4 40. Qh3 Bxf3+ 41. Rxf3 Qe2+ 42. Kg1 Rc1+ 43. Rf1 Rxf1+ 44. Qxf1 Qg4+ 45.
Qg2 Qd1+ 1/2-1/2

[Event "28. Torneo San Viator 2017 - Torneo B"]
[Site "Madrid ESP"]
[Date "2017.05.14"]
[Round "6.10"]
[White "Aguilar Guzman, Reynaldo"]
[Black "Baltasar Garza, Antonio"]
[Result "0-1"]
[WhiteElo "1558"]
[BlackElo "1621"]
[PlyCount "120"]
[EventDate "2017.03.26"]
[EventType "swiss"]
[EventRounds "9"]
[EventCountry "ESP"]
[SourceTitle "Ajedrez en Madrid"]
[Source "lmi"]
[SourceDate "2017.03.26"]

1. e4 e5 2. Nf3 Nc6 3. Nc3 Nf6 4. Bb5 Nd4 5. Nxe5 Qe7 6. Nf3 Nxb5 7. Nxb5 Qxe4+
8. Qe2 Qxe2+ 9. Kxe2 Kd8 10. Ng5 c6 11. Nxf7+ Ke7 12. Nbd6 Ke6 13. Nxh8 Bxd6
14. Re1 Ke7 15. b3 Kf8 16. Bb2 b6 17. Kd1 Bb7 18. f3 Kg8 19. Ng6 hxg6 20. g3 c5
21. Ke2 Re8+ 22. Kf2 Rxe1 23. Rxe1 Kf7 24. d4 cxd4 25. Bxd4 Bc5 26. Rd1 Bxd4+
27. Rxd4 Bc6 28. c4 b5 29. cxb5 Bxb5 30. Rb4 Bc6 31. h4 Nd5 32. Rc4 Nc7 33. f4
Ne6 34. Ke3 a5 35. g4 Ke7 36. f5 gxf5 37. gxf5 Nd8 38. Kf4 Kf6 39. Rc5 Nb7 40.
Rc4 Nd6 41. Rc5 a4 42. bxa4 Bxa4 43. Ra5 Bc6 44. a4 Nb7 45. Ra7 Nc5 46. a5 Nd3+
47. Ke3 Nb4 48. Kf4 Nd5+ 49. Ke4 Ne7+ 50. Kd3 Kxf5 51. Rc7 Kg4 52. Kd4 Kxh4 53.
a6 Nd5 54. Rxd7 Bxd7 55. Kxd5 Bh3 56. Ke4 Bg2+ 57. Ke3 Kg3 58. Ke2 g5 59. a7 g4
60. a8=Q Bxa8 0-1

[Event "28. Torneo San Viator 2017 - Torneo B"]
[Site "Madrid ESP"]
[Date "2017.05.14"]
[Round "6.12"]
[White "Rodriguez Coarasa, Carlos"]
[Black "Sarabia Diaz, Santiago"]
[Result "1-0"]
[WhiteElo "1706"]
[BlackElo "1563"]
[PlyCount "53"]
[EventDate "2017.03.26"]
[EventType "swiss"]
[EventRounds "9"]
[EventCountry "ESP"]
[SourceTitle "Ajedrez en Madrid"]
[Source "lmi"]
[SourceDate "2017.03.26"]

1. e4 c5 2. Nf3 d6 3. d4 cxd4 4. Nxd4 Nf6 5. Nc3 g6 6. Be2 Bg7 7. Be3 O-O 8.
Qd2 Ng4 9. Bxg4 Bxg4 10. f3 Bd7 11. Bh6 Nc6 12. Nde2 f5 13. exf5 Bxh6 14. Qxh6
Bxf5 15. O-O-O Qc7 16. g4 Be6 17. Nf4 Bf7 18. h4 Qa5 19. h5 Qe5 20. hxg6 Qe3+
21. Kb1 Bxg6 22. Ncd5 Qxf3 23. Nxg6 Rf7 24. Nh4 Qf2 25. c3 Raf8 26. Nf5 e6 27.
Nf6+ 1-0

[Event "28. Torneo San Viator 2017 - Torneo B"]
[Site "Madrid ESP"]
[Date "2017.05.14"]
[Round "6.13"]
[White "Vaquerizo Martin, Miguel"]
[Black "Bermejo Jimenez, Adolfo"]
[Result "1-0"]
[WhiteElo "1694"]
[BlackElo "1422"]
[PlyCount "69"]
[EventDate "2017.03.26"]
[EventType "swiss"]
[EventRounds "9"]
[EventCountry "ESP"]
[SourceTitle "Ajedrez en Madrid"]
[Source "lmi"]
[SourceDate "2017.03.26"]

1. e4 e5 2. Nf3 Nc6 3. Bb5 d6 4. O-O Nf6 5. Re1 Be7 6. c3 Bd7 7. d4 a6 8. Ba4
b5 9. Bb3 h6 10. h3 O-O 11. Nbd2 Na5 12. Bc2 exd4 13. cxd4 Qc8 14. Kh2 c6 15.
Nf1 Qc7 16. Ng3 Rfe8 17. Kh1 Qb6 18. e5 Nd5 19. Qd3 f5 20. Nxf5 Nb4 21. Nxe7+
Kf7 22. Qg6+ Kxe7 23. Qxd6+ Kd8 24. Qxb4 Nb7 25. Bf4 a5 26. Qb3 Be6 27. Qd3 Qc7
28. Bb3 Qf7 29. Bxe6 Rxe6 30. d5 cxd5 31. Qxd5+ Kc7 32. Rac1+ Kb6 33. Be3+ Ka6
34. Rc6+ Rxc6 35. Qxc6# 1-0

[Event "28. Torneo San Viator 2017 - Torneo B"]
[Site "Madrid ESP"]
[Date "2017.05.14"]
[Round "6.14"]
[White "Aparicio Iriso, Miguel"]
[Black "Caravantes Camacho, Fernando"]
[Result "0-1"]
[WhiteElo "1474"]
[BlackElo "1626"]
[PlyCount "54"]
[EventDate "2017.03.26"]
[EventType "swiss"]
[EventRounds "9"]
[EventCountry "ESP"]
[SourceTitle "Ajedrez en Madrid"]
[Source "lmi"]
[SourceDate "2017.03.26"]

1. e4 e6 2. d4 d5 3. Nd2 Nf6 4. e5 Nfd7 5. f4 c5 6. c3 Nc6 7. Ngf3 Be7 8. Nb3
cxd4 9. cxd4 O-O 10. Be2 f6 11. O-O Qb6 12. Be3 fxe5 13. fxe5 Ndxe5 14. Nxe5
Rxf1+ 15. Qxf1 Nxe5 16. Qf4 Ng6 17. Qg3 Bd7 18. Rc1 Rf8 19. Bh5 Nh8 20. Bh6 Bf6
21. Be3 a5 22. Nc5 Bc8 23. Rc2 Qb5 24. Bg4 Bxd4 25. Be2 Qb4 26. a3 Bxe3+ 27.
Qxe3 Qe1+ 0-1

[Event "28. Torneo San Viator 2017 - Torneo B"]
[Site "Madrid ESP"]
[Date "2017.05.14"]
[Round "6.15"]
[White "Aldea Moreno, Marina"]
[Black "Del Rio Perezagua, Mario"]
[Result "0-1"]
[WhiteElo "1427"]
[BlackElo "1621"]
[PlyCount "78"]
[EventDate "2017.03.26"]
[EventType "swiss"]
[EventRounds "9"]
[EventCountry "ESP"]
[SourceTitle "Ajedrez en Madrid"]
[Source "lmi"]
[SourceDate "2017.03.26"]

1. e4 c5 2. c3 d5 3. exd5 Qxd5 4. d4 Nf6 5. Nf3 e6 6. Na3 cxd4 7. Bc4 Qe4+ 8.
Be2 Bxa3 9. Qa4+ Bd7 10. Qxa3 d3 11. O-O dxe2 12. Re1 Bc6 13. Be3 Nbd7 14. Qd6
Qd5 15. Qxd5 Nxd5 16. Bd4 N5f6 17. Nd2 O-O 18. Rxe2 Rfe8 19. f3 b6 20. Nc4 Bb5
21. b3 Bxc4 22. bxc4 Rac8 23. a4 Rxc4 24. Ra3 Nc5 25. a5 bxa5 26. Rb2 e5 27.
Bf2 Rc8 28. Rb1 g6 29. Be1 Rc7 30. Bd2 Kg7 31. Rxa5 Ra4 32. Rab5 Ra2 33. Be1
Nd3 34. Bg3 Rxc3 35. Bxe5 Nxe5 36. Rxe5 Rcc2 37. g4 Rxh2 38. Rb7 Rhb2 39. Rd7
Ra1+ 0-1

[Event "28. Torneo San Viator 2017 - Torneo B"]
[Site "Madrid ESP"]
[Date "2017.05.14"]
[Round "6.16"]
[White "Fernandez Garcia, Emilio"]
[Black "Rojo Jorge, Angel"]
[Result "0-1"]
[WhiteElo "1606"]
[BlackElo "1416"]
[PlyCount "58"]
[EventDate "2017.03.26"]
[EventType "swiss"]
[EventRounds "9"]
[EventCountry "ESP"]
[SourceTitle "Ajedrez en Madrid"]
[Source "lmi"]
[SourceDate "2017.03.26"]

1. d4 Nf6 2. Bg5 g6 3. Bxf6 exf6 4. Nf3 d5 5. e3 Bd6 6. Bd3 O-O 7. O-O c6 8. h3
Re8 9. Nbd2 f5 10. c4 Be6 11. Re1 Nd7 12. Rc1 Nf6 13. Ng5 Bd7 14. f4 Ne4 15.
Ngf3 f6 16. Nf1 Re7 17. a3 Qf8 18. b4 Be6 19. c5 Bc7 20. N3d2 Qg7 21. Nxe4 fxe4
22. Be2 g5 23. fxg5 Qxg5 24. g4 f5 25. Rc3 Rg7 26. Nh2 Qh4 27. Bf1 Qg3+ 28. Bg2
Qxh2+ 29. Kf1 fxg4 0-1

[Event "28. Torneo San Viator 2017 - Torneo B"]
[Site "Madrid ESP"]
[Date "2017.05.14"]
[Round "6.20"]
[White "Loncomilla Sanhueza, Ernesto"]
[Black "Murillo Paz, Pedro"]
[Result "1-0"]
[WhiteElo "1538"]
[BlackElo "1358"]
[PlyCount "61"]
[EventDate "2017.03.26"]
[EventType "swiss"]
[EventRounds "9"]
[EventCountry "ESP"]
[SourceTitle "Ajedrez en Madrid"]
[Source "lmi"]
[SourceDate "2017.03.26"]

1. e4 e5 2. Nf3 Nc6 3. c3 Nf6 4. d4 d6 5. d5 Ne7 6. h3 Nxe4 7. Qa4+ Bd7 8. Qxe4
f5 9. Qc4 Ng6 10. Bg5 Be7 11. Bxe7 Qxe7 12. Nbd2 e4 13. Nd4 O-O 14. O-O-O Ne5
15. Qxc7 Qf6 16. f4 Nd3+ 17. Bxd3 Qxd4 18. Bc2 Qb6 19. Qxd7 Rae8 20. Nc4 Qf2
21. Rhf1 Qg3 22. Nxd6 Rd8 23. Qe6+ Kh8 24. Nf7+ Rxf7 25. Qxf7 e3 26. Qe7 Rb8
27. Rde1 g6 28. Rxe3 Qxg2 29. Qe5+ Kg8 30. Qxb8+ Kg7 31. Re7+ 1-0